Music Quiz

Random Music or Lyrics Quiz

'Canadian Railroad Trilogy' Lyrics - Part 1 Quiz Stats

 Plays Quiz not verified by Sporcle

Score 0/274 Timer 10:00
0 Plays Today
Lyrics % Correct
the
98%
the
98%
the
98%
the
98%
the
98%
the
98%
the
98%
the
98%
the
98%
the
98%
a
98%
the
98%
the
98%
the
98%
the
98%
the
98%
the
98%
the
98%
the
98%
the
98%
the
98%
the
98%
the
98%
the
98%
the
98%
the
98%
the
98%
the
98%
the
98%
the
98%
the
98%
a
98%
the
98%
the
98%
the
98%
and
97%
in
97%
and
97%
and
97%
and
97%
in
97%
in
97%
railroad
97%
was
97%
was
97%
railroad
97%
in
97%
was
97%
and
97%
and
97%
and
97%
and
97%
And
97%
and
97%
and
97%
and
97%
and
97%
and
97%
to
96%
to
96%
to
96%
did
96%
to
96%
to
96%
to
96%
to
96%
no
96%
no
96%
time
96%
to
96%
not
96%
did
96%
There
96%
time
96%
land
94.9%
this
94.9%
land,
94.9%
when
94.9%
this
94.9%
when
94.9%
when
94.9%
run,
94.9%
when
94.9%
land
94.9%
this
94.9%
For
93.9%
for
93.9%
for
93.9%
mountains
93.9%
an
93.9%
too
92.9%
too
92.9%
Lyrics % Correct
too
92.9%
too
92.9%
be
91.9%
forest
89.9%
man
89.9%
sun,
89.9%
we
88.9%
fair
88.9%
from
87.9%
from
87.9%
from
87.9%
from
87.9%
white
87.9%
majestic
87.9%
they,
86.9%
they
86.9%
they
86.9%
they
86.9%
they
86.9%
They
86.9%
they
86.9%
real.
86.9%
silent
86.9%
dark
85.9%
long
85.9%
before
85.9%
before
85.9%
long
85.9%
of
84.8%
of
84.8%
alone
84.8%
stood
84.8%
we're
83.8%
we're
83.8%
we're
83.8%
we're
83.8%
were
83.8%
green
83.8%
against
83.8%
up
82.8%
up
82.8%
up
82.8%
up
82.8%
up
82.8%
wheel,
82.8%
Look
81.8%
all
81.8%
sea
81.8%
sea
81.8%
see,
81.8%
what
81.8%
all.
81.8%
all
81.8%
hear
80.8%
wild
80.8%
came
79.8%
on
78.8%
on
78.8%
on
78.8%
has
78.8%
has
78.8%
way
77.8%
our
77.8%
way
77.8%
our
77.8%
rails,
77.8%
way
77.8%
our
77.8%
rails,
77.8%
iron
77.8%
saw
77.8%
future
77.8%
around.
77.8%
country
77.8%
away,
76.8%
good
76.8%
slow.
75.8%
moving
75.8%
slow.
75.8%
moving
75.8%
slow.
75.8%
moving
75.8%
their
75.8%
their
75.8%
Their
75.8%
down
74.7%
down
74.7%
road
74.7%
looked
74.7%
Get
73.7%
get
73.7%
get
73.7%
Lyrics % Correct
running
73.7%
day,
73.7%
men
73.7%
us
73.7%
bounds
73.7%
'cause
72.7%
'cause
72.7%
'cause
72.7%
into
72.7%
young
72.7%
hammers
72.7%
young
72.7%
mines,
72.7%
tall,
72.7%
history
72.7%
western
71.7%
shore
71.7%
eastern
71.7%
ring.
71.7%
factories
71.7%
built
71.7%
pay.
70.7%
mills,
70.7%
growing
69.7%
flow,
68.7%
blood
68.7%
trails.
68.7%
tracks
68.7%
lay
68.7%
bring
68.7%
Bring
68.7%
flow,
68.7%
trails.
68.7%
tracks
68.7%
lay
68.7%
bring
68.7%
Bring
68.7%
mighty
68.7%
blood
68.7%
across
67.7%
hands.
67.7%
many
67.7%
many
67.7%
with
67.7%
walked
67.7%
life
66.7%
heart,
66.7%
her
66.7%
life
66.7%
heart,
66.7%
her
66.7%
her
66.7%
gotta
65.7%
let
65.7%
Open
65.7%
tear
65.7%
workers
65.7%
gotta
65.7%
let
65.7%
Open
65.7%
tear
65.7%
gotta
65.7%
workers
65.7%
won
65.7%
overflowing
65.7%
minds
65.7%
restless
65.7%
as
65.7%
said
64.6%
a-debt
64.6%
a-fortune
64.6%
grew
63.6%
forests
63.6%
waterways
63.6%
sailed
63.6%
strand.
62.6%
beginnings
62.6%
lost
61.6%
spring
61.6%
upon
61.6%
visions
60.6%
But
60.6%
bringing
58.6%
verdant
58.6%
goods
57.6%
man's
57.6%
gonna
51.5%
fancy
47.5%
turnin'
46.5%
seaports
42.4%

You're not logged in!

Compare scores with friends on all Sporcle quizzes.
OR
Log In

You Might Also Like...

Show Comments

Extras

Top Quizzes Today


Score Distribution

Your Account Isn't Verified!

In order to create a playlist on Sporcle, you need to verify the email address you used during registration. Go to your Sporcle Settings to finish the process.

Report this User

Report this user for behavior that violates our Community Guidelines.

Details: